[Event "Oberliga Ost-A 1920"]
[Site "Germany"]
[Date "2019.11.16"]
[Round "2.4"]
[White "Reipsch, Jens"]
[Black "Pfeufer, Lion"]
[Result "1-0"]
[WhiteElo "2243"]
[BlackElo "2031"]
[PlyCount "65"]
[EventDate "2019.09.29"]
[EventType "team-tourn"]
[EventRounds "11"]
[EventCountry "GER"]
[SourceTitle "EXT 2021"]
[Source "ChessBase"]
[SourceDate "2020.10.23"]
[SourceVersion "1"]
[SourceVersionDate "2020.10.23"]
[SourceQuality "1"]
[WhiteTeam "Halle USV"]
[BlackTeam "Plauen Koenig II"]
[WhiteTeamCountry "GER"]
[BlackTeamCountry "GER"]

1. e4 c5 2. Nf3 Nc6 3. Bb5 Nf6 4. e5 Nd5 5. c4 Nb6 6. 0-0 a6 7. Bxc6 dxc6 8. b3 Bg4 9. h3 Bxf3 10. Qxf3 e6 11. Nc3 Qc7 12. Qe3 0-0-0 13. Bb2 Kb8 14. Ne4 Nd7 15. Ng5 Nb6 16. Rad1 h6 17. Ne4 Nd7 18. d4 cxd4 19. Rxd4 c5 20. Rd2 Be7 21. Rfd1 Nxe5 22. Rxd8+ Rxd8 23. Rxd8+ Bxd8 24. Nxc5 Nc6 25. Bxg7 Bg5 26. Qd3 Qa5 27. Bd4 Nxd4 28. Qxd4 Qc7 29. g3 Be7 30. Nd3 Bd6 31. Qh8+ Ka7 32. Qxh6 e5 33. c5 1-0

[Event "Pardubice Czech op-A 25th"]
[Site "Pardubice"]
[Date "2014.07.22"]
[Round "5"]
[White "Pfeufer, Lion"]
[Black "Constantinou, Peter"]
[Result "0-1"]
[WhiteElo "2025"]
[BlackElo "2285"]
[PlyCount "64"]
[EventDate "2014.07.18"]
[EventType "swiss"]
[EventRounds "9"]
[EventCountry "CZE"]
[SourceTitle "CBM 161 Extra"]
[Source "ChessBase"]
[SourceDate "2014.08.29"]
[SourceVersion "1"]
[SourceVersionDate "2014.08.29"]
[SourceQuality "1"]

1. e4 g6 2. d4 Bg7 3. Nc3 d6 4. Nf3 Nf6 5. h3 0-0 6. Be2 a6 7. a4 b6 8. 0-0 Bb7 9. e5 dxe5 10. dxe5 Nd5 11. Nxd5 Bxd5 12. Ra3 Bb7 13. Rd3 Qc8 14. Bf4 Qf5 15. Qc1 Nc6 16. Nh4 Qe4 17. Bf3 Qxa4 18. Ra3 Qb4 19. Rb3 Qc4 20. Rc3 Qe6 21. Bg4 f5 22. exf6 Qxf6 23. Bg5 Qf7 24. Rf3 Qc4 25. b3 Qc5 26. Rxf8+ Rxf8 27. Be6+ Kh8 28. Bh6 Nd4 29. Bxg7+ Kxg7 30. Qb2 Qe5 31. Kh1 c5 32. Bg4 Rxf2 0-1

[Event "BL2-Ost 1011"]
[Site "Germany"]
[Date "2010.10.10"]
[Round "1.5"]
[White "Pfeufer, Lion"]
[Black "Loxine, Jakov"]
[Result "0-1"]
[WhiteElo "2031"]
[BlackElo "2384"]
[PlyCount "96"]
[EventDate "2010.10.10"]
[EventType "team-tourn"]
[EventRounds "9"]
[EventCountry "GER"]
[SourceTitle "EXT 2012"]
[Source "ChessBase"]
[SourceDate "2011.11.24"]
[SourceVersion "1"]
[SourceVersionDate "2011.11.24"]
[SourceQuality "1"]
[WhiteTeam "Koenig Plauen"]
[BlackTeam "Dresden TU"]
[WhiteTeamCountry "GER"]
[BlackTeamCountry "GER"]

1. e4 c5 2. Nf3 Nc6 3. d4 cxd4 4. Nxd4 e5 5. Nb5 d6 6. c4 Be7 7. N1c3 a6 8. Na3 f5 9. Nc2 Nf6 10. Bd3 f4 11. Nd5 0-0 12. Bd2 Rb8 13. Qe2 Qe8 14. 0-0-0 Kh8 15. f3 Bd8 16. g3 Nd7 17. Qg2 Nc5 18. Be2 Ne7 19. Bc3 Nxd5 20. Rxd5 Be7 21. Kb1 Be6 22. Rd2 Na4 23. Bb4 b5 24. cxb5 Qf7 25. a3 axb5 26. Ne1 Nc5 27. Bd1 d5 28. gxf4 dxe4 29. Bxc5 Bxc5 30. fxe4 exf4 31. Nf3 Qe8 32. Nd4 b4 33. Nxe6 Qxe6 34. a4 Be3 35. Rd5 b3 36. Bg4 Qc6 37. Bd7 Qc4 38. Rhd1 f3 39. Qh3 Rbc8 40. Qf1 Qxe4+ 41. Ka1 Rc4 42. Ra5 Rfc8 43. Qxc4 Qxc4 44. Bxc8 Qxc8 45. Rad5 Bb6 46. R5d3 f2 47. Rxb3 Qc2 48. Rbd3 Qxd3 0-1

[Event "GER-chT U20"]
[Site "Berlin"]
[Date "2005.12.30"]
[Round "7.2"]
[White "Lauer, Moritz"]
[Black "Pfeufer, Lion"]
[Result "1-0"]
[WhiteElo "2233"]
[BlackElo "2008"]
[PlyCount "99"]
[EventDate "2005.12.27"]
[EventType "team-swiss"]
[EventRounds "7"]
[EventCountry "GER"]
[SourceTitle "EXT 2022"]
[Source "ChessBase"]
[SourceDate "2021.10.06"]
[SourceVersion "1"]
[SourceVersionDate "2021.10.06"]
[SourceQuality "1"]
[WhiteTeam "Puschendorf U20"]
[BlackTeam "Plauen Koenig U20"]
[WhiteTeamCountry "GER"]
[BlackTeamCountry "GER"]

1. e4 c5 2. Nf3 Nc6 3. d4 cxd4 4. Nxd4 Nf6 5. Nc3 d6 6. Bg5 e6 7. Qd2 a6 8. 0-0-0 h6 9. Nxc6 bxc6 10. Bf4 d5 11. Qe3 Be7 12. Be2 Qa5 13. Qg3 g6 14. Bd6 Bxd6 15. Qxd6 Bb7 16. Qe5 Ke7 17. Rhe1 Rhd8 18. Bf3 Rd7 19. h4 Rad8 20. exd5 cxd5 21. Rd4 Qc7 22. Qe3 Ng8 23. Bg4 Kf8 24. f4 h5 25. Bh3 Kg7 26. g4 hxg4 27. Bxg4 Nf6 28. Bf3 Rh8 29. Rh1 Nh5 30. Bd1 Bc6 31. Ne2 Bb5 32. Ng3 Nxg3 33. Qxg3 Qc5 34. c3 Rc7 35. Kb1 Qe7 36. h5 Rc4 37. Rxc4 Bxc4 38. Rg1 Rh6 39. Bc2 Qf6 40. hxg6 fxg6 41. Qe3 Bb5 42. a4 Be8 43. f5 Bf7 44. fxg6 Bxg6 45. Qxh6+ Kxh6 46. Rxg6+ Qxg6 47. Bxg6 Kxg6 48. b4 Kf7 49. b5 axb5 50. a5 1-0

[Event "GER-chT U20"]
[Site "Berlin"]
[Date "2005.12.29"]
[Round "6.2"]
[White "Pfeufer, Lion"]
[Black "Moeller, Hendrik"]
[Result "1-0"]
[WhiteElo "2008"]
[BlackElo "2160"]
[PlyCount "47"]
[EventDate "2005.12.27"]
[EventType "team-swiss"]
[EventRounds "7"]
[EventCountry "GER"]
[SourceTitle "EXT 2022"]
[Source "ChessBase"]
[SourceDate "2021.10.06"]
[SourceVersion "1"]
[SourceVersionDate "2021.10.06"]
[SourceQuality "1"]
[WhiteTeam "Plauen Koenig U20"]
[BlackTeam "Hamburger SK U20"]
[WhiteTeamCountry "GER"]
[BlackTeamCountry "GER"]

1. e4 e5 2. Nf3 Nc6 3. Bc4 Bc5 4. c3 Nf6 5. d4 exd4 6. cxd4 Bb4+ 7. Nc3 Nxe4 8. 0-0 Bxc3 9. bxc3 d5 10. Ba3 dxc4 11. Re1 f5 12. Nd2 Kf7 13. Nxe4 fxe4 14. Rxe4 Qd5 15. Qf3+ Bf5 16. Rae1 Rad8 17. g4 Rhe8 18. gxf5 Rxe4 19. Rxe4 h6 20. Qg4 Kg8 21. Be7 Ra8 22. Re6 Nd8 23. Rg6 Qf7 24. Bf6 1-0

[Event "GER-chT U20"]
[Site "Berlin"]
[Date "2005.12.28"]
[Round "3.2"]
[White "Pfeufer, Lion"]
[Black "Mueller, Mathias"]
[Result "1-0"]
[WhiteElo "2008"]
[BlackElo "1827"]
[PlyCount "59"]
[EventDate "2005.12.27"]
[EventType "team-swiss"]
[EventRounds "7"]
[EventCountry "GER"]
[SourceTitle "EXT 2022"]
[Source "ChessBase"]
[SourceDate "2021.10.06"]
[SourceVersion "1"]
[SourceVersionDate "2021.10.06"]
[SourceQuality "1"]
[WhiteTeam "Plauen Koenig U20"]
[BlackTeam "Grossenseebach U20"]
[WhiteTeamCountry "GER"]
[BlackTeamCountry "GER"]

1. e4 e5 2. Nf3 Nc6 3. Bc4 Bc5 4. c3 Nf6 5. d4 exd4 6. cxd4 Bb4+ 7. Nc3 d5 8. exd5 Nxd5 9. 0-0 Bxc3 10. bxc3 0-0 11. Qc2 h6 12. Re1 Be6 13. Bd3 Nf6 14. Rb1 Rb8 15. Bf4 Qd7 16. Ne5 Nxe5 17. Rxe5 b6 18. Qd2 Ng4 19. Reb5 f5 20. d5 Bf7 21. d6 c5 22. R5b2 Rbd8 23. Bb5 Qb7 24. Re1 Nf6 25. Re7 Nd7 26. Bxh6 gxh6 27. Qxh6 Rfe8 28. Qg5+ Kh8 29. Rxf7 Re1+ 30. Bf1 1-0

[Event "GER-chT U20"]
[Site "Berlin"]
[Date "2005.12.28"]
[Round "4.2"]
[White "Zhang, Fan"]
[Black "Pfeufer, Lion"]
[Result "1/2-1/2"]
[WhiteElo "2065"]
[BlackElo "2008"]
[PlyCount "62"]
[EventDate "2005.12.27"]
[EventType "team-swiss"]
[EventRounds "7"]
[EventCountry "GER"]
[SourceTitle "EXT 2022"]
[Source "ChessBase"]
[SourceDate "2021.10.06"]
[SourceVersion "1"]
[SourceVersionDate "2021.10.06"]
[SourceQuality "1"]
[WhiteTeam "Bochum SG 31 U20"]
[BlackTeam "Plauen Koenig U20"]
[WhiteTeamCountry "GER"]
[BlackTeamCountry "GER"]

1. d4 Nf6 2. Nf3 g6 3. Bf4 Bg7 4. e3 0-0 5. h3 d6 6. Be2 b6 7. 0-0 Bb7 8. c3 c5 9. a4 a6 10. Nbd2 Nbd7 11. Re1 Re8 12. Bh2 h6 13. Qc2 Rc8 14. Rad1 d5 15. Ne5 Nh7 16. Ndf3 e6 17. Qd2 Nhf8 18. Bd3 f5 19. Bc2 Qe7 20. Qe2 Kh7 21. Bg3 Nxe5 22. Bxe5 Nd7 23. Bxg7 Kxg7 24. Qd2 Red8 25. Qe2 c4 26. Nd2 Nf6 27. Qf3 Rf8 28. Qf4 Qc7 29. Qxc7+ Rxc7 30. f3 Re7 31. e4 Rfe8 1/2-1/2

[Event "BL2-Ost 0405"]
[Site "Germany"]
[Date "2005.04.10"]
[Round "9.8"]
[White "Loew, Gerald"]
[Black "Pfeufer, Lion"]
[Result "1-0"]
[WhiteElo "2272"]
[BlackElo "2010"]
[PlyCount "63"]
[EventDate "2004.10.24"]
[EventType "team-tourn"]
[EventRounds "9"]
[EventCountry "GER"]
[SourceTitle "EXT 2007"]
[Source "ChessBase"]
[SourceDate "2006.11.23"]
[SourceVersion "1"]
[SourceVersionDate "2006.11.23"]
[SourceQuality "1"]
[WhiteTeam "Bindlach"]
[BlackTeam "Koenig Plauen"]
[WhiteTeamCountry "GER"]
[BlackTeamCountry "GER"]

1. c4 Nf6 2. g3 g6 3. Bg2 Bg7 4. Nc3 0-0 5. d3 d6 6. Bg5 Nc6 7. Qd2 Bd7 8. h4 h5 9. Nh3 Rb8 10. Rc1 a6 11. Bh6 Nd4 12. Bxg7 Kxg7 13. e3 Nf5 14. d4 e5 15. 0-0 Re8 16. Ng5 exd4 17. exd4 c5 18. dxc5 dxc5 19. Rfe1 Nd4 20. Qf4 Bf5 21. Re5 Qb6 22. b3 Rxe5 23. Qxe5 Re8 24. Qf4 Re7 25. Qb8 Qb4 26. Qd6 Ne2+ 27. Nxe2 Rxe2 28. Qc7 Re1+ 29. Bf1 Nd7 30. Qf4 Ne5 31. a3 Rxf1+ 32. Kxf1 1-0

[Event "BL2-Ost 0405"]
[Site "Germany"]
[Date "2005.02.13"]
[Round "7.8"]
[White "Roemling, Sven"]
[Black "Pfeufer, Lion"]
[Result "1-0"]
[WhiteElo "2181"]
[BlackElo "2010"]
[PlyCount "85"]
[EventDate "2004.10.24"]
[EventType "team-tourn"]
[EventRounds "9"]
[EventCountry "GER"]
[SourceTitle "EXT 2007"]
[Source "ChessBase"]
[SourceDate "2006.11.23"]
[SourceVersion "1"]
[SourceVersionDate "2006.11.23"]
[SourceQuality "1"]
[WhiteTeam "Leipzig Mitte"]
[BlackTeam "Koenig Plauen"]
[WhiteTeamCountry "GER"]
[BlackTeamCountry "GER"]

1. e4 c5 2. Nf3 Nc6 3. Bb5 d6 4. 0-0 Bd7 5. Re1 e5 6. c3 Nf6 7. d4 Qc7 8. Nbd2 a6 9. Bf1 Be7 10. h3 h6 11. a4 g5 12. d5 Na7 13. Nh2 b5 14. axb5 axb5 15. Be2 Qb7 16. Ng4 Nc8 17. Rxa8 Qxa8 18. Nxf6+ Bxf6 19. Nf1 Ne7 20. Bg4 Bxg4 21. Qxg4 Qa7 22. Ng3 Bg7 23. h4 Rg8 24. hxg5 Bf6 25. Qe2 Bxg5 26. Qxb5+ Kf8 27. Bxg5 Rxg5 28. Rb1 Kg7 29. Nf1 Qa2 30. Re1 Ng6 31. Ng3 Nh4 32. Qb6 c4 33. Rf1 h5 34. Qd8 f6 35. Qb6 Nxg2 36. Kxg2 h4 37. Qc7+ Kg6 38. Rh1 Rxg3+ 39. fxg3 Qxb2+ 40. Kh3 Qxc3 41. Rg1 Qe3 42. Rg2 Kh6 43. Qxd6 1-0

[Event "BL2-Ost 0405"]
[Site "Germany"]
[Date "2004.11.14"]
[Round "2.8"]
[White "Willim, Michael"]
[Black "Pfeufer, Lion"]
[Result "1-0"]
[WhiteElo "2100"]
[BlackElo "2010"]
[PlyCount "61"]
[EventDate "2004.10.24"]
[EventType "team-tourn"]
[EventRounds "9"]
[EventCountry "GER"]
[SourceTitle "EXT 2007"]
[Source "ChessBase"]
[SourceDate "2006.11.23"]
[SourceVersion "1"]
[SourceVersionDate "2006.11.23"]
[SourceQuality "1"]
[WhiteTeam "Nuernberg NT"]
[BlackTeam "Koenig Plauen"]
[WhiteTeamCountry "GER"]
[BlackTeamCountry "GER"]

1. c4 Nf6 2. g3 g6 3. Bg2 Bg7 4. Nf3 0-0 5. 0-0 d6 6. Nc3 Nc6 7. d3 a6 8. Rb1 Rb8 9. b4 b5 10. cxb5 axb5 11. Qc2 Bd7 12. h3 d5 13. Bg5 d4 14. Bxf6 Bxf6 15. Ne4 Bg7 16. Nc5 Be8 17. Nd2 Rb6 18. Rb2 e5 19. Rfb1 Qe7 20. a4 bxa4 21. Nxa4 Nxb4 22. Qc5 Qxc5 23. Nxc5 Nc6 24. Rxb6 cxb6 25. Rxb6 Ne7 26. Nc4 h6 27. Nd6 g5 28. Rb7 Bf6 29. Nce4 Kg7 30. Rb8 Bc6 31. Rxf8 1-0

[Event "GER-chT U20"]
[Site "Ditzingen"]
[Date "2003.12.29"]
[Round "5.3"]
[White "Pfeufer, Lion"]
[Black "Resa, Tobias"]
[Result "1/2-1/2"]
[WhiteElo "2015"]
[BlackElo "1915"]
[PlyCount "46"]
[EventDate "2003.12.27"]
[EventType "team-swiss"]
[EventRounds "7"]
[EventCountry "GER"]
[SourceTitle "EXT 2022"]
[Source "ChessBase"]
[SourceDate "2021.10.06"]
[SourceVersion "1"]
[SourceVersionDate "2021.10.06"]
[SourceQuality "1"]
[WhiteTeam "Plauen Koenig U20"]
[BlackTeam "Mainz Theresianum U20"]
[WhiteTeamCountry "GER"]
[BlackTeamCountry "GER"]

1. e4 e5 2. Nf3 Nc6 3. Bc4 Nf6 4. d3 Be7 5. 0-0 0-0 6. Re1 d6 7. Nbd2 Na5 8. c3 Bg4 9. d4 exd4 10. cxd4 Re8 11. Bd3 Nd7 12. h3 Bh5 13. Qa4 Nc6 14. Qb5 Bg6 15. Qxb7 Na5 16. Qb5 c5 17. Nc4 Nxc4 18. Qxc4 Nb6 19. Qa6 cxd4 20. Nxd4 Bf6 21. Be3 Bxe4 22. Bxe4 Rxe4 23. Nc6 Qe8 1/2-1/2

[Event "GER-chT U20"]
[Site "Ditzingen"]
[Date "2003.12.28"]
[Round "4.3"]
[White "Herzog, Matthias"]
[Black "Pfeufer, Lion"]
[Result "0-1"]
[WhiteElo "1962"]
[BlackElo "2015"]
[PlyCount "80"]
[EventDate "2003.12.27"]
[EventType "team-swiss"]
[EventRounds "7"]
[EventCountry "GER"]
[SourceTitle "EXT 2022"]
[Source "ChessBase"]
[SourceDate "2021.10.06"]
[SourceVersion "1"]
[SourceVersionDate "2021.10.06"]
[SourceQuality "1"]
[WhiteTeam "Geretsried TuS U20"]
[BlackTeam "Plauen Koenig U20"]
[WhiteTeamCountry "GER"]
[BlackTeamCountry "GER"]

1. e4 c5 2. Nf3 Nc6 3. d4 cxd4 4. Nxd4 Nf6 5. Nc3 d6 6. Be2 e6 7. 0-0 Be7 8. f4 a6 9. a4 Bd7 10. Be3 Qc7 11. Nb3 0-0 12. Bf3 Rac8 13. Kh1 Nb4 14. g4 Bc6 15. g5 Nd7 16. a5 Nc5 17. Qd2 Rfd8 18. Bg2 Rd7 19. f5 Nxb3 20. cxb3 exf5 21. Bb6 Qb8 22. Nd5 Nxd5 23. exd5 Bb5 24. Rxf5 Bd8 25. Bd4 Re7 26. Bc3 Bc7 27. Qd4 Re5 28. Rg1 Bxa5 29. Rf3 Bxc3 30. bxc3 Bd7 31. Bh3 Qc7 32. Bf1 Bf5 33. Rxf5 Rxf5 34. Bd3 Re5 35. Qh4 g6 36. c4 Qc5 37. Qg4 Rce8 38. Rf1 Re1 39. Qg3 Qb4 40. h4 Qd2 0-1

[Event "GER-chT U20"]
[Site "Ditzingen"]
[Date "2003.12.27"]
[Round "2.3"]
[White "Ehrenfried, Stefan"]
[Black "Pfeufer, Lion"]
[Result "1/2-1/2"]
[WhiteElo "2136"]
[BlackElo "2015"]
[PlyCount "113"]
[EventDate "2003.12.27"]
[EventType "team-swiss"]
[EventRounds "7"]
[EventCountry "GER"]
[SourceTitle "EXT 2022"]
[Source "ChessBase"]
[SourceDate "2021.10.06"]
[SourceVersion "1"]
[SourceVersionDate "2021.10.06"]
[SourceQuality "1"]
[WhiteTeam "Ettlingen U20"]
[BlackTeam "Plauen Koenig U20"]
[WhiteTeamCountry "GER"]
[BlackTeamCountry "GER"]

1. e4 c5 2. Nc3 Nc6 3. f4 g6 4. Nf3 Bg7 5. Bb5 d6 6. Bxc6+ bxc6 7. d3 e6 8. 0-0 Ne7 9. Qe1 0-0 10. Qh4 f5 11. Qe1 Rb8 12. e5 d5 13. Na4 c4 14. dxc4 dxc4 15. Be3 Nd5 16. Bc5 Re8 17. Nd4 Bd7 18. Bd6 Rb7 19. b3 cxb3 20. axb3 a5 21. Nc5 Ra7 22. c4 Nb4 23. Qf2 Qb6 24. Rfd1 Kf7 25. Nf3 Bc8 26. Nd4 Bf8 27. Na4 Qb7 28. Qh4 Kg8 29. Nf3 Nc2 30. Rab1 Ne3 31. Re1 Nc2 32. Red1 Ne3 33. Re1 Nc2 34. Re2 Bxd6 35. exd6 Nb4 36. Ne5 c5 37. Qf2 Na6 38. Rd2 Bd7 39. Nxd7 Qxd7 40. Nxc5 Nxc5 41. Qxc5 Rc8 42. Qe5 Kf7 43. c5 Ra6 44. Rc1 Rcc6 45. Rdc2 Ra7 46. Qc3 Raa6 47. h3 Ra8 48. Ra2 Qd8 49. b4 axb4 50. Rxa8 Qxa8 51. Qxb4 Qa7 52. Qb5 Rxd6 53. Kh2 Rd7 54. c6 Rc7 55. Rd1 Qe3 56. Qc4 Qe4 57. Qxe4 1/2-1/2

[Event "Erlangen op 18th"]
[Site "Erlangen"]
[Date "2003.??.??"]
[Round "4"]
[White "Huger, Horst"]
[Black "Pfeufer, Lion"]
[Result "0-1"]
[WhiteElo "1790"]
[BlackElo "1979"]
[PlyCount "60"]
[EventDate "2003.11.??"]
[EventType "swiss"]
[EventRounds "5"]
[EventCountry "GER"]
[SourceTitle "EXT 2005"]
[Source "ChessBase"]
[SourceDate "2004.11.15"]
[SourceVersion "1"]
[SourceVersionDate "2004.11.15"]
[SourceQuality "1"]

1. e4 c5 2. Nf3 Nc6 3. d3 g6 4. g3 Bg7 5. Bg2 e6 6. 0-0 Nge7 7. Nbd2 d6 8. Re1 0-0 9. Nf1 Rb8 10. h4 e5 11. Ne3 f5 12. c3 h6 13. Qc2 Be6 14. Bd2 Qd7 15. Rad1 b5 16. Qc1 Bxa2 17. Nc2 Kh7 18. h5 g5 19. exf5 Nxf5 20. Bxg5 hxg5 21. Nxg5+ Kh8 22. c4 Ncd4 23. Nxd4 Nxd4 24. Re4 Qf5 25. h6 Bf6 26. Qa1 Bb3 27. Qxa7 Qxg5 28. Rh4 Bxd1 29. Be4 Nf3+ 30. Kh1 Be7 0-1

[Event "Oberliga Ost-A 0203"]
[Site "Germany"]
[Date "2002.12.15"]
[Round "4.4"]
[White "Pfeufer, Lion"]
[Black "Seibicke, Ralf"]
[Result "0-1"]
[WhiteElo "2047"]
[BlackElo "2248"]
[PlyCount "58"]
[EventDate "2002.10.20"]
[EventType "team"]
[EventRounds "11"]
[EventCountry "GER"]
[SourceTitle "EXT 2004"]
[Source "ChessBase"]
[SourceDate "2003.11.25"]
[SourceVersion "1"]
[SourceVersionDate "2003.11.25"]
[SourceQuality "1"]
[WhiteTeam "Plauen Koenig II"]
[BlackTeam "Magdeburg Rochade"]
[WhiteTeamCountry "GER"]
[BlackTeamCountry "GER"]

1. e4 c6 2. d4 d5 3. exd5 cxd5 4. c4 Nf6 5. Nc3 e6 6. Nf3 Be7 7. Be2 0-0 8. c5 b6 9. b4 a5 10. Na4 Nbd7 11. a3 axb4 12. axb4 bxc5 13. bxc5 Ne4 14. Bd2 Nxd2 15. Nxd2 Bf6 16. Nf3 Qa5+ 17. Qd2 Nxc5 18. Bd1 Ne4 19. Qxa5 Rxa5 20. 0-0 Bd7 21. Nb6 Rxa1 22. Nxd7 Rc8 23. Nxf6+ gxf6 24. g3 Rcc1 25. Be2 Nc3 26. Bd3 Rd1 27. Rxd1 Rxd1+ 28. Bf1 Ne2+ 29. Kg2 Nxd4 0-1

[Event "Oberliga Ost-A 0203"]
[Site "Germany"]
[Date "2002.11.17"]
[Round "3.4"]
[White "Baer, Soeren"]
[Black "Pfeufer, Lion"]
[Result "1/2-1/2"]
[WhiteElo "2065"]
[BlackElo "2047"]
[PlyCount "83"]
[EventDate "2002.10.20"]
[EventType "team"]
[EventRounds "11"]
[EventCountry "GER"]
[SourceTitle "EXT 2004"]
[Source "ChessBase"]
[SourceDate "2003.11.25"]
[SourceVersion "1"]
[SourceVersionDate "2003.11.25"]
[SourceQuality "1"]
[WhiteTeam "Leipzig Lok II"]
[BlackTeam "Plauen Koenig II"]
[WhiteTeamCountry "GER"]
[BlackTeamCountry "GER"]

1. d4 Nf6 2. Nf3 g6 3. c4 d6 4. g3 Bg7 5. Bg2 0-0 6. 0-0 Nc6 7. Nc3 a6 8. b3 Na5 9. Nd5 c5 10. Nxf6+ Bxf6 11. Bh6 Re8 12. Rc1 Bd7 13. Qd2 cxd4 14. Nxd4 Nc6 15. e3 Qb6 16. Ne2 Ne5 17. Nf4 Bc6 18. e4 Ng4 19. Nd5 Bxd5 20. exd5 Nxh6 21. Qxh6 e5 22. Qe3 Qxe3 23. fxe3 Bg5 24. Rc3 f5 25. h4 Bh6 26. Bh3 Rf8 27. Kg2 a5 28. Re1 b6 29. a3 Rf6 30. Re2 Bf8 31. Rf2 Be7 32. Rc1 Kg7 33. Rcf1 Raf8 34. Kg1 Rb8 35. Rc1 Rbf8 36. Rcf1 Rb8 37. Rc1 Rbf8 38. Rcf1 Rb8 39. h5 Rbf8 40. hxg6 hxg6 41. Kg2 R6f7 42. Re2 1/2-1/2

[Event "Oberliga Ost-A 0203"]
[Site "Germany"]
[Date "2002.10.20"]
[Round "1.4"]
[White "Schmidt, Lothar"]
[Black "Pfeufer, Lion"]
[Result "1-0"]
[WhiteElo "2095"]
[BlackElo "2047"]
[PlyCount "115"]
[EventDate "2002.10.20"]
[EventType "team"]
[EventRounds "11"]
[EventCountry "GER"]
[SourceTitle "EXT 2004"]
[Source "ChessBase"]
[SourceDate "2003.11.25"]
[SourceVersion "1"]
[SourceVersionDate "2003.11.25"]
[SourceQuality "1"]
[WhiteTeam "Jena Glas"]
[BlackTeam "Plauen Koenig II"]
[WhiteTeamCountry "GER"]
[BlackTeamCountry "GER"]

1. d4 Nf6 2. Nf3 g6 3. Bf4 d6 4. h3 Bg7 5. Nbd2 Nbd7 6. e3 0-0 7. Bc4 c6 8. c3 c5 9. g4 d5 10. Be2 cxd4 11. exd4 Nb6 12. Ne5 Nfd7 13. Ndf3 Nxe5 14. dxe5 f6 15. Qd4 e6 16. h4 Nd7 17. Bg3 fxe5 18. Nxe5 Nxe5 19. Bxe5 Bxe5 20. Qxe5 Qb6 21. 0-0-0 Bd7 22. h5 Be8 23. f4 Rc8 24. hxg6 Bxg6 25. Bd3 Bxd3 26. Rxd3 Rf7 27. f5 exf5 28. gxf5 Qf6 29. Rg1+ Kh8 30. Rxd5 Qxe5 31. Rxe5 Rcf8 32. Rg5 Rg7 33. Rh5 Rg2 34. Re7 Rg7 35. Rxg7 Kxg7 36. Kd2 Re8 37. Kd3 Re1 38. Kc4 Re2 39. Kb3 Re4 40. a4 Re2 41. a5 Re5 42. Kb4 Re2 43. b3 Re5 44. f6+ Kxf6 45. Rxh7 Re7 46. Rxe7 Kxe7 47. Kc5 Kd7 48. b4 Kc7 49. b5 Kd7 50. b6 a6 51. Kd5 Ke7 52. c4 Kd7 53. c5 Kd8 54. Kd6 Kc8 55. Ke7 Kb8 56. Kd7 Ka8 57. c6 bxc6 58. Kc7 1-0

[Event "Leutersdorf Muench Braeu op 07th"]
[Site "Leutersdorf"]
[Date "2002.02.17"]
[Round "9"]
[White "Haense, Felix"]
[Black "Pfeufer, Lion"]
[Result "0-1"]
[WhiteElo "1508"]
[BlackElo "2056"]
[PlyCount "72"]
[EventDate "2002.02.11"]
[EventType "swiss"]
[EventRounds "9"]
[EventCountry "GER"]
[SourceTitle "CBM 086 Extra"]
[Source "ChessBase"]
[SourceDate "2002.03.14"]
[SourceVersion "1"]
[SourceVersionDate "2002.03.14"]
[SourceQuality "1"]

1. e4 c5 2. Nf3 Nc6 3. d4 cxd4 4. Nxd4 Nf6 5. Nc3 d6 6. Bc4 Qb6 7. Nxc6 bxc6 8. 0-0 e5 9. Bb3 Be7 10. Bg5 Qc7 11. h3 0-0 12. Qf3 Be6 13. Rad1 Rad8 14. Rd3 h6 15. Bxf6 Bxf6 16. Rfd1 Qe7 17. Ba4 Bc4 18. Re3 Bg5 19. Ree1 Qb7 20. b3 Be6 21. g4 g6 22. Qg3 Bf4 23. Qg2 Qb6 24. h4 Kh8 25. g5 f6 26. gxh6 Rg8 27. Ne2 g5 28. h5 g4 29. Ng3 d5 30. Nf5 g3 31. Ng7 Bxh6 32. Kf1 Rxg7 33. Qf3 Bh3+ 34. Kg1 gxf2+ 35. Kh2 fxe1Q 36. Rxe1 Bf4+ 0-1

[Event "Leutersdorf Muench Braeu op 07th"]
[Site "Leutersdorf"]
[Date "2002.02.14"]
[Round "5"]
[White "Sandner, Gunter"]
[Black "Pfeufer, Lion"]
[Result "1-0"]
[WhiteElo "2327"]
[BlackElo "2056"]
[PlyCount "59"]
[EventDate "2002.02.11"]
[EventType "swiss"]
[EventRounds "9"]
[EventCountry "GER"]
[SourceTitle "CBM 086 Extra"]
[Source "ChessBase"]
[SourceDate "2002.03.14"]
[SourceVersion "1"]
[SourceVersionDate "2002.03.14"]
[SourceQuality "1"]

1. d4 Nf6 2. Nf3 g6 3. g3 Bg7 4. Bg2 d6 5. 0-0 0-0 6. c4 Nbd7 7. Nc3 e5 8. e4 c6 9. h3 Re8 10. Re1 a5 11. Rb1 exd4 12. Nxd4 Nc5 13. b3 Ne6 14. Nc2 Nd7 15. Bb2 Ndc5 16. Kh2 Ng5 17. f4 Bxc3 18. Bxc3 Ngxe4 19. Ba1 Bf5 20. g4 Qh4 21. Qd4 Qg3+ 22. Kg1 f6 23. gxf5 gxf5 24. Qe3 Qg6 25. Kh2 Kh8 26. Rg1 Qh6 27. Rbe1 Qh4 28. Nd4 Nf2 29. Qxe8+ Rxe8 30. Rxe8+ 1-0

[Event "Erlangen op 17th"]
[Site "Erlangen"]
[Date "2002.??.??"]
[Round "?"]
[White "Goetzel, Alfred"]
[Black "Pfeufer, Lion"]
[Result "0-1"]
[WhiteElo "1718"]
[BlackElo "2034"]
[PlyCount "60"]
[EventDate "2002.??.??"]
[EventType "swiss"]
[EventRounds "5"]
[EventCountry "GER"]
[SourceTitle "EXT 2005"]
[Source "ChessBase"]
[SourceDate "2004.11.15"]
[SourceVersion "1"]
[SourceVersionDate "2004.11.15"]
[SourceQuality "1"]

1. e4 c5 2. b4 cxb4 3. d4 d6 4. Bc4 Nf6 5. Qe2 e6 6. Nf3 Be7 7. 0-0 0-0 8. a3 d5 9. e5 dxc4 10. exf6 Bxf6 11. Qxc4 Nc6 12. Be3 Qd5 13. Nbd2 Rd8 14. Qxd5 Rxd5 15. axb4 Nxd4 16. c4 Nxf3+ 17. Nxf3 Bxa1 18. cxd5 Bc3 19. dxe6 Bxe6 20. b5 a6 21. b6 Rd8 22. h3 h6 23. Rc1 Bf6 24. Rc7 Rd1+ 25. Kh2 Bd5 26. Nd2 Be5+ 27. f4 Bxc7 28. bxc7 Rc1 29. Bb6 Be6 30. Nb3 Bxb3 0-1